000 00427nam a22001457a 4500
003 OSt
008 250729b |||||||| |||| 00| 0 eng d
082 _a658.4063
_bD99A
100 _aSakshi Dwivedi
245 _a"Assessing Role of Business Incubation Centre for Developing Entrepreneurial Ecosystem in Varanasi, Uttar Pradesh
260 _aRPCAU, Pusa
_bMBA(ABM)
_c2023
300 _a79
502 _bMBA(ABM)
942 _2ddc
_cT
999 _c48580
_d48580